书目信息 |
| 题名: |
IP宽带通信网络技术
|
|
| 作者: | 毕厚杰 , 陈启美 , 方晖 编著 | |
| 分册: | ||
| 出版信息: | 北京 北京邮电大学出版社 2003 |
|
| 页数: | 297页 | |
| 开本: | 26cm | |
| 丛书名: | 视频通信系列丛书 | |
| 单 册: | ||
| 中图分类: | TN915.142 | |
| 科图分类: | ||
| 主题词: | 宽带通信系统--计算机通信网 , 宽带通信系统 , 计算机通信网 | |
| 电子资源: | ||
| ISBN: | 7-5635-0718-3 | |
| 000 | 01020oam2 2200301 450 | |
| 001 | 012007658121 | |
| 005 | 20070517141028.68 | |
| 010 | @a7-5635-0718-3@dCNY33.00 | |
| 100 | @a20070427d2003 km y0chiy0120 ea | |
| 101 | 0 | @achi |
| 102 | @aCN@b110000 | |
| 105 | @ay z 000yy | |
| 106 | @ar | |
| 200 | 1 | @aIP宽带通信网络技术@AIP kuan dai tong xin wang luo ji shu@f毕厚杰,陈启美,方晖编著@Fbi hou jie,chen qi mei,fang hui bian zhu |
| 210 | @a北京@c北京邮电大学出版社@d2003 | |
| 215 | @a297页@d26cm | |
| 225 | 2 | @a视频通信系列丛书 |
| 330 | @a本书详细地介绍了下一代网络与软交换、IP通过网的核心协议以及IP网的QoS技术、安全技术等,并介绍了IP网络的一些新技术。 | |
| 461 | 0 | @12001 @a视频通信系列丛书 |
| 606 | 0 | @a宽带通信系统@x计算机通信网 |
| 606 | 0 | @a宽带通信系统 |
| 606 | 0 | @a计算机通信网 |
| 690 | @aTN915.142@v4 | |
| 701 | 0 | @a毕厚杰@Abi hou jie@f(1932.11~)@4编著 |
| 701 | 0 | @a陈启美@Achen qi mei@4编著 |
| 701 | 0 | @a方晖@Afang hui@4编著 |
| 801 | 0 | @aCN@bRULIN@c20070517 |
| 905 | @dTN915.142@e71@s10 | |
| IP宽带通信网络技术/毕厚杰,陈启美,方晖编著.-北京:北京邮电大学出版社,2003 |
| 297页;26cm.-(视频通信系列丛书) |
| ISBN 7-5635-0718-3:CNY33.00 |
| 本书详细地介绍了下一代网络与软交换、IP通过网的核心协议以及IP网的QoS技术、安全技术等,并介绍了IP网络的一些新技术。 |
| ● |
| 相关链接 |
|
|
|
|
正题名:IP宽带通信网络技术
索取号:TN915.142/71
 
预约/预借
| 序号 | 登录号 | 条形码 | 馆藏地/架位号 | 状态 | 备注 |
| 1 | 0575245 | 205752452 | 第二样本阅览室/ [索取号:TN915.142/71] | 在馆 | |
| 2 | 0575246 | 205752461 | 第三借阅区/ [索取号:TN915.142/71] | 在馆 | |
| 3 | 0575247 | 205752470 | 第三借阅区/ [索取号:TN915.142/71] | 在馆 | |
| 4 | 0575248 | 205752489 | 第三借阅区/ [索取号:TN915.142/71] | 在馆 | |
| 5 | 0575249 | 205752498 | 第三借阅区/ [索取号:TN915.142/71] | 在馆 | |
| 6 | 0575250 | 205752504 | 第三借阅区/ [索取号:TN915.142/71] | 在馆 | |
| 7 | 0575251 | 205752513 | 第三借阅区/ [索取号:TN915.142/71] | 在馆 | |
| 8 | 0575252 | 205752522 | 第三借阅区/ [索取号:TN915.142/71] | 在馆 | |
| 9 | 0575253 | 205752531 | 第三借阅区/ [索取号:TN915.142/71] | 在馆 | |
| 10 | 0575254 | 205752540 | 第三借阅区/ [索取号:TN915.142/71] | 在馆 |